00946nam a2200229Ia 4500003000900000008004100009020001400050040001600064080002200080111009400102245019000196260004000386300001400426650004100440650004600481650001500527700002600542700002800568942000700596999001500603952009800618IN-BaIIA211028s9999 xx 000 0 eng d a0379-6566 cIIA Library a52-76(082)bESA-4 aInternational Ultraviolet Explorer Conference n4thcRome, Italyd1984 May 15-18914724 0aFourth European IUE Conferencebproceedings of the fourth international ultraviolet explorer Conference held in Rome, Italy, 15-18 May 1984cedited by Erica Rolfe and Bruce Battrick aFrancebEuropean Space Agencyc1984 axx, 518p. aAstronomy and Astrophysics Thesaurus aInternational Ultraviolet Explorer912266 aIUE911538 aBattrick, Bruce., ed. aRolfe, Eric, ed.914725 cBK c8758d8758 00104070aBANbBANcGENd1986-07-14l0o52-76(082)/ ESA-4p9634r2021-11-05w1986-07-14yBK